| 000 | 00484cam a2200193ua 4500 | ||
|---|---|---|---|
| 001 | 2967 | ||
| 005 | 20260515113619.0 | ||
| 008 | 110920n ii |||gr||||Z||||||asm | ||
| 040 | _cMAIN | ||
| 082 | _a920 | ||
| 100 | 1 |
_aBaruah, Atul Chandra, _eAuthor. |
|
| 245 | 1 | 1 |
_aSahitya aru jivan _cby Atul Chandra Baruah |
| 250 | _a1st. | ||
| 260 |
_aGuahati: _bNew book stall,965. |
||
| 300 |
_a103p: _c23cm. |
||
| 653 | _aBiography | ||
| 653 | _aBiography of Sahitya aru jivan | ||
| 942 | _cBK | ||
| 999 |
_c2813 _d2813 |
||